[Event "Leipzig VfB op 23rd"]
[Site "Leipzig"]
[Date "2016.03.18"]
[Round "6"]
[White "Holz auf der Heide, Gerhard"]
[Black "Podolnyy, Jakiv"]
[Result "0-1"]
[WhiteElo "1755"]
[BlackElo "1983"]
[PlyCount "82"]
[EventDate "2016.03.15"]
[EventType "swiss"]
[EventRounds "9"]
[EventCountry "GER"]
[SourceTitle "EXT 2017"]
[Source "ChessBase"]
[SourceDate "2016.10.25"]
[SourceVersion "1"]
[SourceVersionDate "2016.10.25"]
[SourceQuality "1"]

1. b4 e5 2. Bb2 Bxb4 3. Bxe5 Nf6 4. c4 Nc6 5. Bb2 0-0 6. e3 d5 7. cxd5 Nxd5 8. Nf3 Re8 9. Be2 Qe7 10. 0-0 a6 11. a3 Bd6 12. Re1 Bg4 13. Nc3 Nf6 14. Rc1 Bxa3 15. Qb3 Bxb2 16. Qxb2 Rab8 17. Ra1 Bf5 18. d3 Red8 19. e4 Bg4 20. Red1 Bxf3 21. Bxf3 Nd4 22. Be2 Qe5 23. Rd2 Nxe2+ 24. Rxe2 Rxd3 25. Rc1 b5 26. Qc2 Rd6 27. g3 Rc6 28. Qd2 h6 29. f4 Qc5+ 30. Kg2 b4 31. Na2 Qb5 32. Rxc6 Qxc6 33. Nxb4 Qc4 34. Nxa6 Qxa6 35. e5 Qc6+ 36. Kh3 Nd5 37. f5 Re8 38. f6 Qe6+ 39. Kg2 Nxf6 40. Qf4 Nd5 41. Qd4 c6 0-1

[Event "Leipzig VfB op 23rd"]
[Site "Leipzig"]
[Date "2016.03.17"]
[Round "4"]
[White "Holz auf der Heide, Gerhard"]
[Black "Wolf, Sascha"]
[Result "1/2-1/2"]
[WhiteElo "1755"]
[BlackElo "1399"]
[PlyCount "87"]
[EventDate "2016.03.15"]
[EventType "swiss"]
[EventRounds "9"]
[EventCountry "GER"]
[SourceTitle "EXT 2017"]
[Source "ChessBase"]
[SourceDate "2016.10.25"]
[SourceVersion "1"]
[SourceVersionDate "2016.10.25"]
[SourceQuality "1"]

1. b4 d5 2. Bb2 Bf5 3. e3 Nd7 4. Nf3 Ngf6 5. a3 e6 6. d3 Bd6 7. Nbd2 c5 8. b5 Qc7 9. h3 e5 10. c4 Bxd3 11. Qb3 Bxf1 12. Nxf1 d4 13. N1d2 h6 14. e4 Nh5 15. g3 Be7 16. Qd3 g6 17. a4 b6 18. Nb3 0-0 19. Bc1 Kh7 20. h4 f5 21. Bd2 fxe4 22. Qxe4 Rae8 23. 0-0-0 Ndf6 24. Qe2 e4 25. Nh2 e3 26. fxe3 Nxg3 27. Qg2 Nxh1 28. Rxh1 dxe3 29. Bxe3 Bd6 30. Rg1 Bf4 31. Qxg6+ Kh8 32. Bd2 Bxd2+ 33. Nxd2 Qh7 34. Qg2 Rg8 35. Qf2 Rxg1+ 36. Qxg1 Qd3 37. Nhf3 Rg8 38. Qh2 Qf5 39. Qd6 Ne4 40. Qxh6+ Qh7 41. Qf4 Nxd2 42. Qe5+ Qg7 43. Qh5+ Qh7 44. Qe5+ 1/2-1/2

[Event "Leipzig VfB op 23rd"]
[Site "Leipzig"]
[Date "2016.03.15"]
[Round "1"]
[White "Pruefer, Friedbert"]
[Black "Holz auf der Heide, Gerhard"]
[Result "1-0"]
[WhiteElo "2133"]
[BlackElo "1755"]
[PlyCount "67"]
[EventDate "2016.03.15"]
[EventType "swiss"]
[EventRounds "9"]
[EventCountry "GER"]
[SourceTitle "EXT 2017"]
[Source "ChessBase"]
[SourceDate "2016.10.25"]
[SourceVersion "1"]
[SourceVersionDate "2016.10.25"]
[SourceQuality "1"]

1. d4 Nf6 2. c4 g6 3. Nc3 Bg7 4. e4 d6 5. f4 0-0 6. Nf3 Nbd7 7. e5 Ne8 8. Be3 e6 9. Be2 f5 10. 0-0 b6 11. Bf2 Bb7 12. Bh4 Qc8 13. Ng5 Nb8 14. d5 exd5 15. cxd5 dxe5 16. Ne6 Rf7 17. Nxg7 Rxg7 18. fxe5 g5 19. Be1 f4 20. Bg4 Qd8 21. Qd4 c5 22. Qe4 Qe7 23. Rd1 Nd7 24. d6 Bxe4 25. dxe7 Nxe5 26. Be6+ Kh8 27. Nxe4 Rxe7 28. Bd5 Rd8 29. Bc3 h6 30. Rfe1 Kh7 31. Bg8+ Kxg8 32. Rxd8 Kf7 33. Bxe5 Rxe5 34. Nd6+ 1-0

[Event "Leipzig VfB op 21st"]
[Site "Leipzig"]
[Date "2014.03.07"]
[Round "6"]
[White "Holz auf der Heide, Gerhard"]
[Black "Grosse, Marcus"]
[Result "0-1"]
[WhiteElo "1834"]
[BlackElo "1978"]
[PlyCount "68"]
[EventDate "2014.03.04"]
[EventType "tourn"]
[EventRounds "9"]
[EventCountry "GER"]
[SourceTitle "CBM 159 Extra"]
[Source "ChessBase"]
[SourceDate "2014.04.24"]
[SourceVersion "1"]
[SourceVersionDate "2014.04.24"]
[SourceQuality "1"]

1. b4 e5 2. Bb2 Bxb4 3. Bxe5 Nf6 4. c4 0-0 5. Nc3 Ng4 6. Bg3 Bxc3 7. dxc3 d6 8. e3 Qf6 9. Qd4 Qg6 10. Bd3 Bf5 11. Bxf5 Qxf5 12. Nf3 Nc6 13. Qd5 Qc2 14. Qd2 Qxd2+ 15. Nxd2 b6 16. 0-0 Rfe8 17. Rfb1 Nge5 18. Bxe5 Rxe5 19. Rb5 Rae8 20. Rab1 Na5 21. Rxe5 Rxe5 22. Rb5 Nxc4 23. Rxe5 Nxe5 24. Kf1 d5 25. Ke2 f5 26. f4 Nd7 27. c4 dxc4 28. Nxc4 Kf7 29. Kd3 Ke6 30. h3 Kd5 31. Nd2 Nc5+ 32. Ke2 Ne4 33. Nxe4 Kxe4 34. g4 g6 0-1

[Event "Leipzig VfB op 21st"]
[Site "Leipzig"]
[Date "2014.03.05"]
[Round "3"]
[White "Hiemer, Bernd"]
[Black "Holz auf der Heide, Gerhard"]
[Result "1-0"]
[WhiteElo "2026"]
[BlackElo "1834"]
[PlyCount "89"]
[EventDate "2014.03.04"]
[EventType "tourn"]
[EventRounds "9"]
[EventCountry "GER"]
[SourceTitle "CBM 159 Extra"]
[Source "ChessBase"]
[SourceDate "2014.04.24"]
[SourceVersion "1"]
[SourceVersionDate "2014.04.24"]
[SourceQuality "1"]

1. e4 c5 2. Nc3 Nc6 3. g3 d6 4. Bg2 e6 5. d3 g6 6. Be3 Bg7 7. f4 a6 8. Nf3 Rb8 9. 0-0 Nf6 10. h3 b5 11. g4 Qc7 12. f5 0-0 13. g5 Nh5 14. f6 Bh8 15. Ne2 Bd7 16. c3 e5 17. Rc1 Be6 18. Re1 Qd7 19. Kh2 a5 20. d4 cxd4 21. cxd4 exd4 22. Nexd4 Nxd4 23. Nxd4 Rfc8 24. Qe2 Bc4 25. Qf2 a4 26. b3 axb3 27. axb3 Be6 28. Rxc8+ Rxc8 29. Rc1 Rxc1 30. Bxc1 h6 31. h4 hxg5 32. hxg5 Qc7 33. Nxe6 fxe6 34. Bf4 e5 35. Bd2 Kf7 36. Bf3 Kg8 37. Bxh5 Qh7 38. Qf3 Kf7 39. Kg3 gxh5 40. Kh4 Kf8 41. Bb4 Kf7 42. Qxh5+ Qxh5+ 43. Kxh5 d5 44. exd5 e4 45. g6+ 1-0

[Event "Leipzig VfB op 20th"]
[Site "Leipzig"]
[Date "2013.03.09"]
[Round "7"]
[White "Holz auf der Heide, Gerhard"]
[Black "Eichhorn, Mike"]
[Result "1/2-1/2"]
[WhiteElo "1859"]
[BlackElo "1617"]
[PlyCount "46"]
[EventDate "2013.03.05"]
[EventType "swiss"]
[EventRounds "9"]
[EventCountry "GER"]
[SourceTitle "EXT 2014"]
[Source "ChessBase"]
[SourceDate "2013.11.20"]
[SourceVersion "1"]
[SourceVersionDate "2013.11.20"]
[SourceQuality "1"]

1. b4 e5 2. Bb2 d5 3. Bxe5 Nc6 4. Bb2 Nxb4 5. a3 Nc6 6. e3 Be6 7. Nf3 Nf6 8. Bb5 Be7 9. Nd4 Bd7 10. Qf3 Nxd4 11. Bxd7+ Qxd7 12. Bxd4 c5 13. Bb2 Qb5 14. Be5 Rd8 15. Nc3 Qa5 16. 0-0 0-0 17. Rfd1 Qa6 18. Rdb1 Qc6 19. a4 Ne4 20. Nxe4 dxe4 21. Qe2 Qd5 22. Bc3 Rd6 23. Rb5 Bf6 1/2-1/2

[Event "Leipzig VfB op 20th"]
[Site "Leipzig"]
[Date "2013.03.09"]
[Round "8"]
[White "Keller, Ralf"]
[Black "Holz auf der Heide, Gerhard"]
[Result "1/2-1/2"]
[WhiteElo "1601"]
[BlackElo "1859"]
[PlyCount "63"]
[EventDate "2013.03.05"]
[EventType "swiss"]
[EventRounds "9"]
[EventCountry "GER"]
[SourceTitle "EXT 2014"]
[Source "ChessBase"]
[SourceDate "2013.11.20"]
[SourceVersion "1"]
[SourceVersionDate "2013.11.20"]
[SourceQuality "1"]

1. e4 c5 2. d4 cxd4 3. c3 g6 4. cxd4 Bg7 5. Nf3 d6 6. Be3 Bd7 7. Nc3 a6 8. Bc4 e6 9. Rc1 b5 10. Bd3 Nc6 11. Qb3 Nf6 12. h3 0-0 13. 0-0 h6 14. Rfd1 Ne8 15. Rd2 Qa5 16. Be2 Rb8 17. a3 Kh7 18. Qa2 f5 19. exf5 exf5 20. b4 Qd8 21. Bf4 g5 22. Bh2 Kh8 23. Qd5 Qf6 24. Ne5 dxe5 25. Qxd7 Nxd4 26. Nd5 Qd8 27. Qxd8 Rxd8 28. Ne7 Kh7 29. Bh5 Nf3+ 30. gxf3 Rxd2 31. Bg6+ Kh8 32. Bxf5 1/2-1/2

[Event "Leipzig VfB op 20th"]
[Site "Leipzig"]
[Date "2013.03.06"]
[Round "3"]
[White "Kuenitz, Klaus"]
[Black "Holz auf der Heide, Gerhard"]
[Result "0-1"]
[WhiteElo "1626"]
[BlackElo "1859"]
[PlyCount "44"]
[EventDate "2013.03.05"]
[EventType "swiss"]
[EventRounds "9"]
[EventCountry "GER"]
[SourceTitle "EXT 2014"]
[Source "ChessBase"]
[SourceDate "2013.11.20"]
[SourceVersion "1"]
[SourceVersionDate "2013.11.20"]
[SourceQuality "1"]

1. d4 Nf6 2. c4 g6 3. Nf3 Bg7 4. Nc3 0-0 5. Bf4 d6 6. e3 Nh5 7. Bg5 h6 8. Bh4 Nf6 9. h3 a6 10. Bd3 Qe8 11. 0-0 e6 12. d5 e5 13. Bc2 Nh7 14. b4 b6 15. Ne4 f5 16. Nc3 Bd7 17. Rb1 Qf7 18. e4 f4 19. Bb3 g5 20. c5 Qf6 21. c6 Bc8 22. Nh2 gxh4 0-1

[Event "Leipzig VfB op 19th"]
[Site "Leipzig"]
[Date "2012.03.10"]
[Round "7"]
[White "Holz auf der Heide, Gerhard"]
[Black "Remboldt, Viktor"]
[Result "0-1"]
[WhiteElo "1855"]
[BlackElo "1512"]
[PlyCount "104"]
[EventDate "2012.03.06"]
[EventType "swiss"]
[EventRounds "9"]
[EventCountry "GER"]
[SourceTitle "CBM 147 Extra"]
[Source "ChessBase"]
[SourceDate "2012.04.24"]
[SourceVersion "1"]
[SourceVersionDate "2012.04.24"]
[SourceQuality "1"]

1. b4 e5 2. Bb2 Bxb4 3. Bxe5 Nf6 4. c4 0-0 5. Nc3 Ng4 6. Qb3 Bc5 7. Bg3 f5 8. h3 Nf6 9. e3 Re8 10. Be2 a6 11. Nf3 Nc6 12. 0-0 Kh8 13. d4 Ba7 14. Nd2 d6 15. Bf3 Qe7 16. Rfe1 Qf7 17. Nd5 Nxd5 18. Bxd5 Qf6 19. Rab1 Rb8 20. Qa3 Bd7 21. Rb2 Bxd4 22. Rbb1 Bc5 23. Qb3 Qf8 24. Qc3 Be6 25. Bxc6 bxc6 26. a3 Qf7 27. Bf4 Kg8 28. h4 Rf8 29. Rec1 Bb6 30. Nf3 Bc5 31. Ng5 Qe7 32. Nxe6 Qxe6 33. Kh2 Bb6 34. Qc2 Qf6 35. g3 h6 36. Qa4 g5 37. hxg5 hxg5 38. Bxg5 Qxg5 39. Qxc6 Kg7 40. Kg2 Rh8 41. Qd7+ Kf6 42. Rh1 Qg4 43. Qc6 Qe4+ 44. Qxe4 fxe4 45. Rxh8 Rxh8 46. Rh1 Rxh1 47. Kxh1 Kg5 48. Kg2 Kg4 49. Kf1 Kf3 50. Kg1 Bxe3 51. fxe3 Kxe3 52. g4 Kd3 0-1

[Event "Leipzig VfB op 19th"]
[Site "Leipzig"]
[Date "2012.03.08"]
[Round "4"]
[White "Urban, Thomas"]
[Black "Holz auf der Heide, Gerhard"]
[Result "0-1"]
[WhiteElo "1428"]
[BlackElo "1855"]
[PlyCount "113"]
[EventDate "2012.03.06"]
[EventType "swiss"]
[EventRounds "9"]
[EventCountry "GER"]
[SourceTitle "CBM 147 Extra"]
[Source "ChessBase"]
[SourceDate "2012.04.24"]
[SourceVersion "1"]
[SourceVersionDate "2012.04.24"]
[SourceQuality "1"]

1. e4 c5 2. Nf3 Nc6 3. d4 cxd4 4. Nxd4 Nf6 5. Nc3 g6 6. Nxc6 bxc6 7. Be3 Qc7 8. f4 d6 9. Be2 Bg7 10. Bf3 0-0 11. 0-0 Rb8 12. Rb1 Bd7 13. Ne2 c5 14. c4 Ng4 15. Bxg4 Bxg4 16. b3 Rb7 17. h3 Bd7 18. Qc2 f5 19. Ng3 fxe4 20. Qxe4 Bc6 21. Qc2 Rbb8 22. Rbe1 Qb7 23. f5 gxf5 24. Bg5 Rbe8 25. Nxf5 Bf6 26. Bh6 Rf7 27. Re6 Kh8 28. Re3 Rg8 29. Rg3 Bd4+ 30. Kh1 Be4 31. Rxg8+ Kxg8 32. Nxe7+ Qxe7 33. Rxf7 Kxf7 34. Qe2 Bg6 35. Qf3+ Bf6 36. Qd5+ Qe6 37. Qb7+ Be7 38. Qf3+ Qf5 39. Qd5+ Qxd5 40. cxd5 Be4 41. Bf4 Bxd5 42. Kg1 Be4 43. Kf2 Bb1 44. a3 Ba2 45. b4 cxb4 46. axb4 Bc4 47. Be3 a6 48. Bb6 Ke6 49. g3 Ke5 50. Ke3 Bg5+ 51. Kf3 Bd2 52. Ba5 Bb5 53. g4 d5 54. h4 d4 55. g5 Kf5 56. Bb6 d3 57. Bc5 0-1

[Event "Leipzig VfB op 19th"]
[Site "Leipzig"]
[Date "2012.03.07"]
[Round "3"]
[White "Holz auf der Heide, Gerhard"]
[Black "Peschke, Ulrich"]
[Result "0-1"]
[WhiteElo "1855"]
[BlackElo "1830"]
[PlyCount "92"]
[EventDate "2012.03.06"]
[EventType "swiss"]
[EventRounds "9"]
[EventCountry "GER"]
[SourceTitle "CBM 147 Extra"]
[Source "ChessBase"]
[SourceDate "2012.04.24"]
[SourceVersion "1"]
[SourceVersionDate "2012.04.24"]
[SourceQuality "1"]

1. b4 e5 2. Bb2 Bxb4 3. Bxe5 Nf6 4. c4 0-0 5. Nc3 Ng4 6. Bg3 Bxc3 7. dxc3 Nc6 8. Nf3 d6 9. h3 Nge5 10. Nxe5 dxe5 11. e3 Bf5 12. Be2 Qe7 13. Qb3 b6 14. 0-0 Na5 15. Qb4 c5 16. Qb2 Be6 17. Qb5 f6 18. Rfd1 Rad8 19. Qa4 Qf7 20. Rxd8 Rxd8 21. Rd1 Rxd1+ 22. Qxd1 Qd7 23. Qc2 Bxc4 24. f4 Bxe2 25. Qxe2 e4 26. Be1 Qd3 27. Kf2 Qxe2+ 28. Kxe2 f5 29. h4 h5 30. Kd1 Nc4 31. Bf2 Kf7 32. Kc2 Ke6 33. Kb3 Kd5 34. a4 Na5+ 35. Kc2 Kc4 36. Be1 a6 37. Bf2 b5 38. axb5 axb5 39. Be1 b4 40. cxb4 cxb4 41. Kb2 Nc6 42. Kc2 b3+ 43. Kb2 Kd3 44. g3 Kxe3 45. Kxb3 Nd4+ 46. Kc3 Nf3 0-1

[Event "GER-ch Seniors 23rd"]
[Site "Halle"]
[Date "2011.08.13"]
[Round "9"]
[White "Piastowski, Kurt"]
[Black "Holz auf der Heide, Gerhard"]
[Result "1-0"]
[WhiteElo "1976"]
[BlackElo "1850"]
[PlyCount "81"]
[EventDate "2011.08.05"]
[EventType "swiss"]
[EventRounds "9"]
[EventCountry "GER"]
[SourceTitle "CBM 144 Extra"]
[Source "ChessBase"]
[SourceDate "2011.10.28"]
[SourceVersion "1"]
[SourceVersionDate "2011.10.28"]
[SourceQuality "1"]

1. Nf3 c5 2. c4 Nf6 3. Nc3 e6 4. e3 Nc6 5. b3 Be7 6. Be2 0-0 7. 0-0 a6 8. Bb2 Qc7 9. h3 d6 10. d4 cxd4 11. exd4 h6 12. Rc1 b6 13. Bd3 Bb7 14. Re1 Rfe8 15. Bb1 Bf8 16. Qd2 Ne7 17. Qd3 Ng6 18. Qe3 Ne7 19. g4 Bxf3 20. Qxf3 Rac8 21. h4 Qd7 22. g5 Nh7 23. gxh6 g6 24. h5 Bxh6 25. hxg6 Nxg6 26. Rcd1 Qe7 27. Ne4 f5 28. Qg3 fxe4 29. Qxg6+ Qg7 30. Qxg7+ Bxg7 31. Rxe4 d5 32. cxd5 exd5 33. Rxe8+ Rxe8 34. Kf1 Nf6 35. Rc1 Kf7 36. Rc7+ Kg8 37. Rc6 Ne4 38. Bxe4 Rxe4 39. Rxb6 Bxd4 40. Bxd4 Rxd4 41. Rxa6 1-0

[Event "GER-ch Seniors 23rd"]
[Site "Halle"]
[Date "2011.08.11"]
[Round "7"]
[White "Franke, Helmut"]
[Black "Holz auf der Heide, Gerhard"]
[Result "1/2-1/2"]
[WhiteElo "1865"]
[BlackElo "1850"]
[PlyCount "42"]
[EventDate "2011.08.05"]
[EventType "swiss"]
[EventRounds "9"]
[EventCountry "GER"]
[SourceTitle "CBM 144 Extra"]
[Source "ChessBase"]
[SourceDate "2011.10.28"]
[SourceVersion "1"]
[SourceVersionDate "2011.10.28"]
[SourceQuality "1"]

1. b4 e5 2. Bb2 Bxb4 3. f4 d6 4. e3 Nf6 5. fxe5 dxe5 6. Be2 Bd6 7. Nf3 Nc6 8. 0-0 0-0 9. c4 Be6 10. Ng5 Qd7 11. Qc2 Nb4 12. Qb3 Rab8 13. Nxe6 Qxe6 14. a3 Nc6 15. Nc3 a6 16. Nd5 Ne8 17. Rf3 f6 18. Raf1 Rf7 19. Qc2 e4 20. Rh3 f5 21. c5 Be5 1/2-1/2

[Event "GER-ch Seniors 23rd"]
[Site "Halle"]
[Date "2011.08.10"]
[Round "6"]
[White "Holz auf der Heide, Gerhard"]
[Black "Grassmann, Heinz"]
[Result "1/2-1/2"]
[WhiteElo "1850"]
[BlackElo "1961"]
[PlyCount "33"]
[EventDate "2011.08.05"]
[EventType "swiss"]
[EventRounds "9"]
[EventCountry "GER"]
[SourceTitle "CBM 144 Extra"]
[Source "ChessBase"]
[SourceDate "2011.10.28"]
[SourceVersion "1"]
[SourceVersionDate "2011.10.28"]
[SourceQuality "1"]

1. b4 e5 2. Bb2 Bxb4 3. Bxe5 Nf6 4. c4 0-0 5. Nc3 Nc6 6. Bxf6 Qxf6 7. Nd5 Qd6 8. e3 Ne5 9. Qc2 c6 10. Nxb4 Qxb4 11. Be2 d5 12. cxd5 cxd5 13. Nf3 Nc6 14. 0-0 Qg4 15. d3 Qg6 16. Kh1 Be6 17. Qb2 1/2-1/2

[Event "GER-ch Seniors 23rd"]
[Site "Halle"]
[Date "2011.08.06"]
[Round "2"]
[White "Holz auf der Heide, Gerhard"]
[Black "Juergens, Peter1111"]
[Result "1/2-1/2"]
[WhiteElo "1850"]
[BlackElo "2030"]
[PlyCount "62"]
[EventDate "2011.08.05"]
[EventType "swiss"]
[EventRounds "9"]
[EventCountry "GER"]
[SourceTitle "CBM 144 Extra"]
[Source "ChessBase"]
[SourceDate "2011.10.28"]
[SourceVersion "1"]
[SourceVersionDate "2011.10.28"]
[SourceQuality "1"]

1. b4 c6 2. Bb2 a5 3. bxa5 Qxa5 4. Nf3 Nf6 5. e3 d5 6. Be2 Nbd7 7. 0-0 e6 8. d3 Be7 9. Qc1 0-0 10. c4 b5 11. cxb5 cxb5 12. Nd4 Bb7 13. Nb3 Qb6 14. Qd2 b4 15. Rd1 Rfc8 16. Qe1 Rc2 17. Rd2 Rxd2 18. N1xd2 Rc8 19. Rc1 Qd8 20. Nf3 Bc6 21. Rc2 Ba4 22. Qc1 Rxc2 23. Qxc2 Bd6 24. h3 Qc7 25. Qxc7 Bxc7 26. Nfd2 Kf8 27. g4 Ke7 28. Kg2 e5 29. Bf3 Ke6 30. Be2 Bc6 31. a3 h5 1/2-1/2

[Event "GER-ch Seniors 23rd"]
[Site "Halle"]
[Date "2011.08.05"]
[Round "1"]
[White "Rychlik, Kurt"]
[Black "Holz auf der Heide, Gerhard"]
[Result "1/2-1/2"]
[WhiteElo "2091"]
[BlackElo "1850"]
[PlyCount "137"]
[EventDate "2011.08.05"]
[EventType "swiss"]
[EventRounds "9"]
[EventCountry "GER"]
[SourceTitle "CBM 144 Extra"]
[Source "ChessBase"]
[SourceDate "2011.10.28"]
[SourceVersion "1"]
[SourceVersionDate "2011.10.28"]
[SourceQuality "1"]

1. c4 Nf6 2. d4 g6 3. Nc3 Bg7 4. e4 d6 5. Nf3 0-0 6. Be2 Nbd7 7. 0-0 e5 8. Be3 h6 9. h3 a6 10. Qd2 Kh7 11. Rad1 Qe8 12. d5 Qe7 13. Ne1 Ng8 14. g4 f5 15. gxf5 gxf5 16. exf5 Ngf6 17. Kh2 e4 18. f4 Nb6 19. b4 Bxf5 20. c5 Nc8 21. Rg1 Qd7 22. Rg3 Ne7 23. Ng2 Rg8 24. Nh4 Bh8 25. Rdg1 Rxg3 26. Rxg3 Rg8 27. Rxg8 Kxg8 28. cxd6 cxd6 29. Bf1 Qe8 30. Bg2 Qh5 31. Bf2 b5 32. Bf1 Bc8 33. Be2 Qf7 34. Qc2 Nfxd5 35. Nxe4 Nxb4 36. Qd2 Nbd5 37. Bg3 Qe6 38. Nf2 Bg7 39. Bg4 Qe3 40. Qxe3 Nxe3 41. Bxc8 Nxc8 42. Ne4 Nf1+ 43. Kg2 Nxg3 44. Kxg3 Kf7 45. Nf5 Bf8 46. Kf3 Ke6 47. Ne3 d5 48. Ng3 b4 49. Ng4 Nd6 50. Ke2 a5 51. Kd3 a4 52. Ne3 Nb5 53. Ne2 Bg7 54. Nc1 Nd4 55. Nc2 Nxc2 56. Kxc2 d4 57. Nd3 Bf8 58. Nb2 a3 59. Nd3 Kd5 60. f5 Be7 61. Kb3 Ke4 62. Nxb4 Kxf5 63. Nc6 Bf6 64. Kxa3 Ke4 65. Kb2 Ke3 66. Kc2 Ke2 67. Nb4 Be7 68. Nd3 Ba3 69. Ne5 1/2-1/2

[Event "Leipzig VfB op 16th"]
[Site "Leipzig"]
[Date "2009.04.04"]
[Round "8"]
[White "Holz auf der Heide, Gerhard"]
[Black "Plumbaum, Nadja"]
[Result "1-0"]
[WhiteElo "1867"]
[BlackElo "1435"]
[PlyCount "95"]
[EventDate "2009.03.31"]
[EventType "swiss"]
[EventRounds "9"]
[EventCountry "GER"]
[SourceTitle "EXT 2010"]
[Source "ChessBase"]
[SourceDate "2010.11.25"]
[SourceVersion "1"]
[SourceVersionDate "2010.11.25"]
[SourceQuality "1"]

1. b4 d5 2. Bb2 Nf6 3. e3 Nc6 4. a3 Qd6 5. Nf3 a6 6. c4 dxc4 7. Bxc4 g6 8. Ng5 Ne5 9. Qb3 Nxc4 10. Qxc4 Be6 11. Nxe6 fxe6 12. f4 Bg7 13. Be5 Qd5 14. Qe2 Rc8 15. 0-0 0-0 16. Rc1 c6 17. Nc3 Qd7 18. Na4 Rcd8 19. d4 Rf7 20. Nb6 Qe8 21. Bc7 Rd7 22. Nxd7 Qxd7 23. Be5 Qd5 24. Rc5 Qe4 25. Rac1 Kh8 26. Kf2 h5 27. h3 Kg8 28. g4 hxg4 29. hxg4 Nd7 30. R5c3 Bxe5 31. dxe5 Nxe5 32. Ke1 Nf3+ 33. Kd1 Rh7 34. Qd3 Rh1+ 35. Kc2 Rh2+ 36. Kb3 Nd2+ 37. Ka4 Qf3 38. R1c2 b5+ 39. Ka5 Nc4+ 40. Rxc4 bxc4 41. Qxg6+ Kf8 42. Rxh2 Qd5+ 43. Kxa6 Qb5+ 44. Ka7 Qa4+ 45. Kb7 Qb5+ 46. Kc7 Qb6+ 47. Kxb6 c3 48. Rh8# 1-0

[Event "Leipzig VfB op 16th"]
[Site "Leipzig"]
[Date "2009.04.02"]
[Round "4"]
[White "Schumer, Arik"]
[Black "Holz auf der Heide, Gerhard"]
[Result "1-0"]
[WhiteElo "1318"]
[BlackElo "1867"]
[PlyCount "167"]
[EventDate "2009.03.31"]
[EventType "swiss"]
[EventRounds "9"]
[EventCountry "GER"]
[SourceTitle "EXT 2010"]
[Source "ChessBase"]
[SourceDate "2010.11.25"]
[SourceVersion "1"]
[SourceVersionDate "2010.11.25"]
[SourceQuality "1"]

1. Nf3 c5 2. c4 d6 3. d4 cxd4 4. Nxd4 g6 5. g3 Bg7 6. Be3 Nf6 7. Bg2 0-0 8. Nc3 Ng4 9. 0-0 Nxe3 10. fxe3 a6 11. Rc1 e6 12. Qa4 Qb6 13. Rfd1 Bh6 14. Rd3 e5 15. Nc2 Be6 16. Nb5 Rd8 17. b3 Bf8 18. Nc3 Nd7 19. Nd5 Bxd5 20. Rxd5 Qc7 21. Qa5 b6 22. Qd2 Ra7 23. Rd3 Nc5 24. Rc3 Bg7 25. Nb4 e4 26. R3c2 a5 27. Nd5 Qb8 28. Rf1 f5 29. Rcc1 Be5 30. Nf4 Kh8 31. Nd5 b5 32. Rf2 b4 33. Rb1 Rdd7 34. Rbf1 Rdb7 35. g4 Rf7 36. gxf5 gxf5 37. Rxf5 Qf8 38. Rxf7 Rxf7 39. Rxf7 Qxf7 40. Nb6 Qh5 41. h3 Qg5 42. Nd5 Ne6 43. Qc2 Qg3 44. Qxe4 Qe1+ 45. Bf1 Qg3+ 46. Qg2 Kg7 47. Qxg3+ Bxg3 48. Ne7 Kf7 49. Nc6 Nc5 50. Nxa5 Ne4 51. Nc6 Bf2+ 52. Kg2 Be1 53. Nd8+ Ke8 54. Nc6 Kd7 55. Nd4 Nc3 56. Nc2 Bd2 57. Nxb4 Bxe3 58. Nd5 Nxd5 59. cxd5 Kc7 60. Kf3 Bc5 61. e4 Bd4 62. Kg4 h6 63. Kh5 Be3 64. h4 Kb6 65. Kg6 Kc5 66. Kf5 Bd4 67. Ke6 Be5 68. a4 Kb4 69. Bb5 Ka5 70. Kf5 Bc3 71. h5 Kb4 72. Bc4 Kc5 73. Kg6 Bd2 74. a5 Be3 75. a6 Kb6 76. Kf6 Bd4+ 77. Ke6 Be5 78. b4 Kc7 79. b5 Kb6 80. Kf7 Ka7 81. Ke7 Kb6 82. Kd7 Bf4 83. Kc8 Ka7 84. Kc7 1-0

[Event "GER-ch Seniors-B 20th"]
[Site "Erfurt"]
[Date "2008.08.13"]
[Round "9"]
[White "Holz auf der Heide, Gerhard"]
[Black "Koellmer, Hans Peter"]
[Result "1/2-1/2"]
[WhiteElo "1566"]
[BlackElo "1433"]
[PlyCount "81"]
[EventDate "2008.08.05"]
[EventType "swiss"]
[EventRounds "9"]
[EventCountry "GER"]
[SourceTitle "CBM 126 Extra"]
[Source "ChessBase"]
[SourceDate "2008.11.05"]
[SourceVersion "1"]
[SourceVersionDate "2008.11.05"]
[SourceQuality "1"]

1. b4 Nf6 2. Bb2 d5 3. Nf3 Nbd7 4. e3 e6 5. a3 c5 6. b5 b6 7. c4 a6 8. a4 axb5 9. axb5 Bb7 10. d3 Bd6 11. Be2 0-0 12. 0-0 Qc7 13. h3 Ne5 14. Nbd2 Rfd8 15. Qc2 Nxf3+ 16. Nxf3 e5 17. Nd2 d4 18. exd4 exd4 19. Bf3 Nd7 20. Ne4 Be7 21. Qe2 Ne5 22. Nd2 Nxf3+ 23. Nxf3 Kf8 24. Rfb1 Re8 25. Qf1 Bf6 26. Re1 h6 27. Rxe8+ Rxe8 28. Ra7 Ra8 29. Qa1 Qb8 30. Rxa8 Qxa8 31. Qxa8+ Bxa8 32. Ne1 Bg5 33. Kf1 Bd2 34. g3 g5 35. Ke2 Bxe1 36. Kxe1 Bf3 37. h4 Kg7 38. Bc1 Kg6 39. hxg5 hxg5 40. Bd2 Kh5 41. Bc1 1/2-1/2

[Event "GER-ch Seniors-B 20th"]
[Site "Erfurt"]
[Date "2008.08.11"]
[Round "7"]
[White "Holz auf der Heide, Gerhard"]
[Black "Ludwig, Egbert"]
[Result "1-0"]
[WhiteElo "1566"]
[BlackElo "1271"]
[PlyCount "55"]
[EventDate "2008.08.05"]
[EventType "swiss"]
[EventRounds "9"]
[EventCountry "GER"]
[SourceTitle "CBM 126 Extra"]
[Source "ChessBase"]
[SourceDate "2008.11.05"]
[SourceVersion "1"]
[SourceVersionDate "2008.11.05"]
[SourceQuality "1"]

1. b4 d5 2. Bb2 Nf6 3. e3 e6 4. a3 Bd6 5. c4 c6 6. Nf3 Nbd7 7. d3 0-0 8. Be2 Re8 9. Nbd2 a6 10. 0-0 b6 11. h3 Bb7 12. Qb3 Rc8 13. Rfc1 Re7 14. d4 e5 15. c5 Bc7 16. dxe5 Nxe5 17. cxb6 Nxf3+ 18. Nxf3 Bxb6 19. Bxf6 gxf6 20. Rc2 Qd6 21. Rac1 Ba7 22. Qd3 Qd7 23. Nd4 Bxd4 24. Bg4 Qd8 25. Bxc8 Be5 26. Bxb7 Rxb7 27. Rxc6 Qb8 28. Rc8+ 1-0